Normale Ansicht MARC-Ansicht ISBD

Verborgene Schätze, Wunder und Kuriosa: (Titelsatznr. 373134)

[ MARC ]
MARC-Details
000 -Satzkennung
Kontrollfeld mit fester Länge 01237cam a2200409 4500
001 - Kontrollnummer
Kontrollfeld 241904463
003 - Kontrollnummer Identifier
Kontrollfeld DE-627
005 - Datum und Zeit der letzten Transaktion
Kontrollfeld 20240507111828.0
007 - Feld mit fester Länge zur physischen Beschreibung - Allgemeine Information
Kontrollfeld mit fester Länge tu
008 - Feld mit fester Länge zur physischen Beschreibung - Allgemeine Angaben
Kontrollfeld mit fester Länge 980324s1935 xx ||||| 00| ||ger c
035 ## - Systemkontrollnummer
System-Kontrollnummer (DE-627)241904463
035 ## - Systemkontrollnummer
System-Kontrollnummer (DE-599)GBV241904463
035 ## - Systemkontrollnummer
System-Kontrollnummer (OCoLC)246323130
040 ## - Katalogisierungsquelle
Original-Katalogisierungsstelle DE-627
Katalogisierungssprache ger
Übertragungsstelle DE-627
Beschreibungsfestlegungen rakwb
Bearbeitungsstelle DE-2950
041 ## - Sprachcode
Sprachcode des Textes/der Tonspur oder des separaten Titels ger
044 ## - Ländercode der veröffentlichenden/herstellenden Stelle
ISO-Ländercode XA-DXDE
084 ## - Andere Notation
Notation 15.07
Quelle der Nummer bkl
084 ## - Andere Notation
Notation 15.40
Quelle der Nummer bkl
084 ## - Andere Notation
Notation 74.20
Quelle der Nummer bkl
100 1# - Haupteintragung - Personenname
Personenname Schmidt, Carl Walter
Datumsangaben in Verbindung mit einem Namen 1892-1946
IDN des Normdatensatzes oder Standardnummer (DE-588)1055126007
-- (DE-627)793226929
-- (DE-576)411863827
Code für Beziehungskennzeichnung aut
245 10 - Titel
Titel Verborgene Schätze, Wunder und Kuriosa:
Zusatz zum Titel Deutschland - neu gesehen /
Verfasserangabe etc. von C. W. Schmidt
264 #1 - Produktion, Veröffentlichung, Distribution, Herstellung und Urheberrechtsvermerk
Herstellungs-, Veröffentlichungs- Vertriebs-, Erzeugungsort Berlin:
Produzent, Herausgeber, Distributor, Hersteller Voegels,
Datum der Herstellung, der Veröffentlichung, des Vertriebs oder des Urheberschutzvermerks [1935]
300 ## - Physische Beschreibung
Umfang 128 S.:
Andere physische Details überw. Ill.
Maße
336 ## - Inhaltstyp
Inhaltstypterm Text
Inhaltstypcode txt
Quelle rdacontent
337 ## - Medientyp
Bezeichnung des Medientyps ohne Hilfsmittel zu benutzen
Medientypcode n
Quelle rdamedia
338 ## - Datenträgertyp
Datenträgertypbezeichnung Band
Datenträgertypcode nc
Quelle rdacarrier
505 ## - Fußnote zu strukturierten Inhaltsangaben
Fußnote zu strukturierten Inhaltsangaben Enth.: Postsäule von Lieberose, (1775), S. 105; Hundefriedhof im Park von Sansauci, S. 115
546 ## - Fußnote zur Sprache
Sprache In Fraktur
653 ## - Indexierungsterm - Nicht normiert
Nicht-normierter Term Deutschland
653 ## - Indexierungsterm - Nicht normiert
Nicht-normierter Term Architektur
653 ## - Indexierungsterm - Nicht normiert
Nicht-normierter Term Kuriositäten
951 ## - EQUIVALENCE OR CROSS-REFERENCE--GEOGRAPHIC NAME/AREA NAME [OBSOLETE] [CAN/MARC only]
Geografischer Name BO
936 bk - OCLC/CONSER MISCELLANEOUS DATA (OCLC); PIECE USED FOR CATALOGING (pre-AACR2) (RLIN)
OCLC control number(s) of parallel record(s) (OCLC); Piece used for cataloging, PUC (RLIN) 15.07
936 bk - OCLC/CONSER MISCELLANEOUS DATA (OCLC); PIECE USED FOR CATALOGING (pre-AACR2) (RLIN)
OCLC control number(s) of parallel record(s) (OCLC); Piece used for cataloging, PUC (RLIN) 15.40
936 bk - OCLC/CONSER MISCELLANEOUS DATA (OCLC); PIECE USED FOR CATALOGING (pre-AACR2) (RLIN)
OCLC control number(s) of parallel record(s) (OCLC); Piece used for cataloging, PUC (RLIN) 74.20
942 ## - Zusätzliche Felder (Koha)
Klassifikation oder Aufstellungssystematik Andere/Generische Klassifikation
Koha-Medientyp Bücher
Exemplare
Ausgeschieden Verloren Klassifikation oder Aufstellungssystematik Beschädigt Nicht entleihbar Heimatbibliothek Aufenthaltsbibliothek Aufstellungsort Erwerbungsdatum Lieferant Anzahl Ausleihen Signatur Letzte Aktivität Exemplarnummer Preis gültig von Koha-Medientyp
    Andere/Generische Klassifikation     Stadtarchiv Frankfurt (Oder) | Archivbibliothek Stadtarchiv Frankfurt (Oder) | Archivbibliothek Magazin 07/05/2024 Geschenk Breitkopf   III: 1929 07/05/2024 42/2023 07/05/2024 Bücher